|
|
|
|
| LEADER |
00000nam0a2200000 4500 |
| 001 |
271090 |
| 005 |
20231101234413.0 |
| 020 |
|
|
|a RU
|b 87-53747
|
| 035 |
|
|
|a (RuTPU)RU\TPU\book\294271
|
| 090 |
|
|
|a 271090
|
| 100 |
|
|
|a 20141003d1987 k y0rusy5003 ca
|
| 101 |
0 |
|
|a rus
|
| 102 |
|
|
|a UZ
|
| 105 |
|
|
|a a z 001zy
|
| 200 |
1 |
|
|a Измерительные преобразователи с распределенными параметрами
|f А. М. Плахтиев
|g Ташкентский политехнический институт им. А. Б. Беруни (ТашПИ)
|
| 210 |
|
|
|a Ташкент
|c Фан
|d 1987
|
| 215 |
|
|
|a 104 с.
|c ил.
|
| 320 |
|
|
|a Библиогр.: с. 100-103 (89 назв.)
|
| 606 |
1 |
|
|a Преобразователи измерительные с распределенными параметрами
|2 stltpush
|3 (RuTPU)RU\TPU\subj\51198
|9 69801
|
| 610 |
1 |
|
|a бесконтактные измерительные преобразователи
|
| 610 |
1 |
|
|a построение
|
| 610 |
1 |
|
|a математические модели
|
| 610 |
1 |
|
|a ферромагнитные преобразователи
|
| 610 |
1 |
|
|a точность
|
| 675 |
|
|
|a 681.586
|z rus
|v 3
|
| 700 |
|
1 |
|a Плахтиев
|b А. М.
|g Анатолий Михайлович
|4 070
|
| 712 |
0 |
2 |
|a Ташкентский политехнический институт им. А. Б. Беруни (ТашПИ)
|2 stltpush
|3 (RuTPU)RU\TPU\col\6741
|
| 801 |
|
0 |
|a RU
|b RuMRKP
|c 19950417
|g psbo
|
| 801 |
|
1 |
|a RU
|b 63413507
|c 20141003
|
| 801 |
|
2 |
|a RU
|b 63413507
|c 20161207
|g RCR
|
| 942 |
|
|
|c BK
|